[Event "BL 2324 FC Bayern München - USV TU Dres"]
[Site "?"]
[Date "2023.12.02"]
[Round "3.8"]
[White "Meister, Peter"]
[Black "Moehn, Hans"]
[Result "1/2-1/2"]
[WhiteElo "2332"]
[BlackElo "2394"]
[PlyCount "40"]
[EventDate "2023.??.??"]

1. d4 Nf6 2. Nf3 g6 3. Bf4 Bg7 4. e3 O-O 5. Be2 d6 6. h3 c5 7. O-O Qb6 8. Nbd2 cxd4 9. Nc4 Qc7 10. exd4 Be6 11. Ne3 Nd5 12. Bg3 Nxe3 13. fxe3 Bf5 14. c4 Qb6 15. Bd3 Bxd3 16. Qxd3 Nc6 17. a3 a5 18. Rac1 Rad8 19. Rf2 Bh6 20. Bh4 Rd7 1/2-1/2

[Event "BL 2324 MSA Zugzwang - HSK Lister Turm"]
[Site "?"]
[Date "2023.12.02"]
[Round "3.1"]
[White "Schneider, Ilja"]
[Black "Eljanov, Pavel"]
[Result "0-1"]
[WhiteElo "2473"]
[BlackElo "2691"]
[PlyCount "44"]
[EventDate "2023.??.??"]

1. e4 c5 2. Nc3 Nc6 3. Bb5 e6 4. Nf3 Nd4 5. O-O Nxb5 6. Nxb5 a6 7. Nc3 b5 8. d4 cxd4 9. Qxd4 Bb7 10. Re1 Rc8 11. Bf4 Nf6 12. Qa7 Bc6 13. Nd4 b4 14. Nxc6 Rxc6 15. Nd5 Bc5 16. Nxf6+ gxf6 17. Qb7 Ke7 18. Rad1 Qc8 19. Qxc8 Rhxc8 20. Re2 Bb6 21. Bd2 Rxc2 22. Bxb4+ Kd8 0-1

[Event "BL 2324 MSA Zugzwang - HSK Lister Turm"]
[Site "?"]
[Date "2023.12.02"]
[Round "3.2"]
[White "Horvath, Dominik"]
[Black "Pfreundt, Jakob"]
[Result "0-1"]
[WhiteElo "2564"]
[BlackElo "2454"]
[PlyCount "112"]
[EventDate "2023.??.??"]

1. d4 Nf6 2. Bf4 b6 3. c4 e6 4. Nc3 Bb4 5. e3 Bxc3+ 6. bxc3 Bb7 7. Nh3 h6 8. Bg3 Ne4 9. Nf4 d6 10. Bd3 Nd7 11. Bxe4 Bxe4 12. f3 Bb7 13. O-O O-O 14. e4 Ba6 15. Qa4 Nb8 16. Rfd1 Qd7 17. Qb3 Nc6 18. c5 Na5 19. Qb4 dxc5 20. dxc5 Qc6 21. cxb6 axb6 22. Qd4 Nc4 23. Nh5 f6 24. e5 f5 25. Qd7 Qxd7 26. Rxd7 Rf7 27. Rd4 c5 28. Rdd1 Bb5 29. Nf4 Re7 30. h4 g5 31. hxg5 hxg5 32. Nh5 Kf7 33. f4 gxf4 34. Bxf4 Rea7 35. Nf6 Rxa2 36. Rxa2 Rxa2 37. Rd8 Bc6 38. Rc8 Rxg2+ 39. Kf1 Bf3 40. Nh7 Kg6 41. Nf8+ Kf7 42. Nh7 Ke7 43. Rc7+ Kd8 44. Ra7 Rg4 45. Ng5 Bg2+ 46. Ke1 Bd5 47. Nf7+ Kc8 48. Bh6 Nxe5 49. Nxe5 Re4+ 50. Kf2 Rxe5 51. Bf4 Re4 52. Bc7 b5 53. Bb6 b4 54. Rc7+ Kb8 55. Rxc5 b3 56. Bd8 Rb4 0-1

[Event "BL 2324 MSA Zugzwang - HSK Lister Turm"]
[Site "?"]
[Date "2023.12.02"]
[Round "3.3"]
[White "Petkidis, Anthony"]
[Black "Bromberger, Stefan"]
[Result "1/2-1/2"]
[WhiteElo "2424"]
[BlackElo "2477"]
[PlyCount "44"]
[EventDate "2023.??.??"]

1. e4 e5 2. Nf3 Nc6 3. Bc4 Nf6 4. d3 Be7 5. O-O O-O 6. Nc3 d6 7. a4 h6 8. a5 Bg4 9. h3 Bxf3 10. Qxf3 Nd4 11. Qd1 c6 12. Ne2 Ne6 13. a6 b5 14. Ba2 d5 15. Ng3 Bc5 16. Re1 dxe4 17. Nxe4 Nxe4 18. Rxe4 Qf6 19. Qe1 Nd4 20. Bb1 Rae8 21. Be3 Qg6 22. Bxd4 Bxd4 1/2-1/2

[Event "BL 2324 MSA Zugzwang - HSK Lister Turm"]
[Site "?"]
[Date "2023.12.02"]
[Round "3.4"]
[White "Kindermann, Stefan"]
[Black "Abel, Dennes"]
[Result "0-1"]
[WhiteElo "2444"]
[BlackElo "2409"]
[PlyCount "126"]
[EventDate "2023.??.??"]

1. d4 Nf6 2. Nf3 g6 3. g3 Bg7 4. Bg2 c5 5. dxc5 Qa5+ 6. Nfd2 Qxc5 7. Nb3 Qc7 8. Nc3 d6 9. O-O Nc6 10. Bg5 Qd8 11. e4 h6 12. Be3 Bg4 13. f3 Bd7 14. f4 Ng4 15. Bd2 h5 16. f5 Rc8 17. Qe2 Nce5 18. h3 Nf6 19. Rad1 b5 20. a3 O-O 21. Bc1 Qb6+ 22. Kh1 a5 23. Nd4 Rc4 24. Be3 Qb7 25. Nd5 Bc6 26. b3 Nxe4 27. Bxe4 Bxd5 28. Bxd5 Qxd5+ 29. Nf3 Qe4 30. bxc4 Nxc4 31. Rde1 Qxf5 32. Kh2 Nxa3 33. Nd4 Qd5 34. Rd1 Rc8 35. Rf2 h4 36. Qf3 Qxf3 37. Rxf3 e5 38. Nb3 Rxc2+ 39. Nd2 d5 40. Kh1 b4 41. Nb3 a4 42. Nc5 d4 43. Nxa4 dxe3 44. Rxe3 Nc4 45. Rb3 hxg3 46. Rxg3 Bh6 47. Nc5 Bf4 48. Rg2 Rc3 49. Rd8+ Kg7 50. Nd3 b3 51. Nxf4 exf4 52. Kh2 b2 53. Rb8 Rc1 54. Rgxb2 Nxb2 55. Rxb2 g5 56. Kg2 Kg6 57. Ra2 Rc3 58. Rb2 f6 59. Ra2 Rg3+ 60. Kh2 Rd3 61. Kg2 Kf5 62. Ra4 Rd2+ 63. Kg1 Ke5 0-1

[Event "BL 2324 MSA Zugzwang - HSK Lister Turm"]
[Site "?"]
[Date "2023.12.02"]
[Round "3.6"]
[White "Kruckenhauser, Arthur"]
[Black "Pubantz, Jan"]
[Result "1-0"]
[WhiteElo "2310"]
[BlackElo "2302"]
[PlyCount "127"]
[EventDate "2023.??.??"]

1. d4 d5 2. Bf4 c5 3. dxc5 Nc6 4. e4 Nf6 5. e5 Ne4 6. Nd2 Nxc5 7. Nb3 Nxb3 8. axb3 Bf5 9. Nf3 a6 10. c3 e6 11. Nd4 Nxd4 12. Qxd4 Rc8 13. b4 Be7 14. Be2 O-O 15. O-O Qc7 16. g4 Be4 17. Bg3 f6 18. exf6 Bxf6 19. Qxe4 dxe4 20. Bxc7 Rxc7 21. Rad1 Be5 22. Rde1 Rf4 23. h3 Kf8 24. Bd1 Rd7 25. Re2 Bc7 26. Bc2 h5 27. gxh5 Rd5 28. Rxe4 Rg5+ 29. Kh1 Rf3 30. Re3 Rf6 31. Bd1 Bb6 32. Rf3 Ke7 33. Rxf6 Kxf6 34. Bf3 a5 35. bxa5 Rxa5 36. Bxb7 Ra2 37. Rb1 Bxf2 38. Kg2 Bb6 39. Bf3 Ba5 40. Kf1 Kg5 41. Bd1 Bc7 42. Ke2 Kxh5 43. Kd3+ Kh4 44. Bg4 e5 45. c4 Bd6 46. Kc3 Bc5 47. b4 Ra3+ 48. Rb3 Bd4+ 49. Kc2 Ra8 50. Kd3 Kg5 51. c5 Ra1 52. Ke4 Rc1 53. Kd5 Bg1 54. Be2 e4 55. Bc4 Rd1+ 56. Kxe4 Rd4+ 57. Ke5 Rxc4 58. Rg3+ Kh6 59. Rxg1 Rxb4 60. Rc1 Rb3 61. c6 Rxh3 62. c7 Re3+ 63. Kf4 Re8 64. c8=Q 1-0

[Event "BL 2324 MSA Zugzwang - HSK Lister Turm"]
[Site "?"]
[Date "2023.12.02"]
[Round "3.7"]
[White "Hampel, Felix"]
[Black "Raykhman, Alexander"]
[Result "1/2-1/2"]
[WhiteElo "2298"]
[BlackElo "2368"]
[PlyCount "120"]
[EventDate "2023.??.??"]

1. c4 g6 2. Nf3 Bg7 3. d4 d6 4. Nc3 Nf6 5. g3 O-O 6. Bg2 Nc6 7. O-O a6 8. b3 Rb8 9. d5 Na5 10. Bg5 h6 11. Be3 c5 12. dxc6 bxc6 13. c5 Ng4 14. Bd2 d5 15. h3 Ne5 16. Nxe5 Bxe5 17. Rc1 Bg7 18. e4 dxe4 19. Nxe4 Be6 20. Qe1 Nb7 21. Bf4 Ra8 22. Qb4 Qc8 23. Nc3 g5 24. Be3 Rb8 25. Qa4 Bxh3 26. Bxh3 Qxh3 27. Qxc6 Rfc8 28. Qg2 Qxg2+ 29. Kxg2 Bxc3 30. Rxc3 Na5 31. f4 f6 32. Rb1 Nc6 33. Rc4 Rd8 34. Kf3 e5 35. fxg5 hxg5 36. Ke4 a5 37. g4 Kf7 38. a3 Rb5 39. Rc3 Rdb8 40. Kd5 Ne7+ 41. Kc4 e4 42. Rc2 Nc6 43. Bd4 Rxb3 44. Rxb3 Rxb3 45. Bxf6 Kxf6 46. Kxb3 Nd4+ 47. Kc3 Nxc2 48. Kxc2 Ke6 49. Kd2 Kd5 50. Ke3 Kxc5 51. Kxe4 Kb5 52. Kf5 Ka4 53. Kxg5 Kxa3 54. Kf4 Kb2 55. g5 a4 56. g6 a3 57. g7 a2 58. g8=Q a1=Q 59. Qh8+ Ka2 60. Qxa1+ Kxa1 1/2-1/2

[Event "BL 2324 MSA Zugzwang - HSK Lister Turm"]
[Site "?"]
[Date "2023.12.02"]
[Round "3.8"]
[White "Jorczik, Julian"]
[Black "Dyachuk, Artem"]
[Result "1-0"]
[WhiteElo "2380"]
[BlackElo "2233"]
[PlyCount "88"]
[EventDate "2023.??.??"]

1. d4 d5 2. c4 c6 3. Nf3 Nf6 4. Nc3 e6 5. e3 Nbd7 6. Qc2 Bd6 7. b3 O-O 8. Be2 b6 9. O-O Bb7 10. Bb2 Qe7 11. Rad1 Rad8 12. Rfe1 Rfe8 13. Bf1 c5 14. cxd5 exd5 15. g3 Nf8 16. Nh4 g6 17. Nb5 Bb8 18. dxc5 bxc5 19. Bxf6 Qxf6 20. Qxc5 Re4 21. Nd4 Rc8 22. Qb5 Rc7 23. Bg2 a6 24. Qa5 h5 25. Bxe4 dxe4 26. Rc1 Rd7 27. Red1 Be5 28. Qb4 a5 29. Qxa5 Rxd4 30. Rxd4 Bxd4 31. exd4 Qxd4 32. Qc3 Qd5 33. Qc5 Qd2 34. Qc2 Qg5 35. Qc5 Qd2 36. Qc2 Qg5 37. Ng2 Ne6 38. Rd1 Qg4 39. Ne3 Qf3 40. Rd7 Ba6 41. Qc3 h4 42. Ra7 Qe2 43. Ra8+ Nf8 44. Qb4 Qb2 1-0

[Event "BL 2324 SC Remagen Sinzig - OSG Baden-Ba"]
[Site "?"]
[Date "2023.12.02"]
[Round "3.2"]
[White "Plat, Vojtech"]
[Black "Donchenko, Alexander"]
[Result "0-1"]
[WhiteElo "2509"]
[BlackElo "2634"]
[PlyCount "62"]
[EventDate "2023.??.??"]

1. e4 c6 2. d4 d5 3. exd5 cxd5 4. c4 Nf6 5. Nc3 Nc6 6. Nf3 a6 7. Bg5 Be6 8. Be2 g6 9. Bxf6 exf6 10. O-O Bg7 11. Qb3 O-O 12. cxd5 Na5 13. Qa4 Bxd5 14. Nxd5 Qxd5 15. Rac1 Rfc8 16. Rfd1 Bh6 17. Rc3 Rxc3 18. bxc3 Rc8 19. Qa3 Bf8 20. Qb2 b5 21. Nd2 f5 22. Nb3 Nc4 23. Qc1 Nb6 24. Bf3 Qc4 25. Bb7 Rc7 26. Bxa6 Nd5 27. Re1 Qc6 28. Re5 Nxc3 29. Nc5 Ne4 30. Qf1 Nxc5 31. Bxb5 Qf6 0-1

[Event "BL 2324 SC Remagen Sinzig - OSG Baden-Ba"]
[Site "?"]
[Date "2023.12.02"]
[Round "3.3"]
[White "Wojtaszek, Radoslaw"]
[Black "Swinkels, Robin"]
[Result "1/2-1/2"]
[WhiteElo "2673"]
[BlackElo "2506"]
[PlyCount "67"]
[EventDate "2023.??.??"]

1. c4 e6 2. Nc3 d5 3. d4 Nf6 4. cxd5 exd5 5. Bg5 c6 6. e3 h6 7. Bh4 Be7 8. Bd3 O-O 9. Nge2 Ne8 10. Bg3 Nd6 11. O-O Re8 12. Qc2 Bf8 13. b4 a6 14. a4 Nd7 15. b5 a5 16. bxc6 bxc6 17. Nb1 Ba6 18. Bxa6 Rxa6 19. Nd2 Qa8 20. Rfc1 Rc8 21. Nf4 Nb6 22. Nd3 Ndc4 23. Nb3 Ra7 24. Nbc5 Nd7 25. Nxd7 Rxd7 26. Qc3 Rb7 27. Rab1 Re8 28. Rb3 Ree7 29. Rcb1 Na3 30. R1b2 Nc4 31. Nc5 Nxb2 32. Nxb7 Rxb7 33. Qxb2 Rb4 34. f3 1/2-1/2

[Event "BL 2324 SC Remagen Sinzig - OSG Baden-Ba"]
[Site "?"]
[Date "2023.12.02"]
[Round "3.4"]
[White "Cyborowski, Lukasz"]
[Black "Kasimdzhanov, Rustam"]
[Result "1/2-1/2"]
[WhiteElo "2485"]
[BlackElo "2684"]
[PlyCount "53"]
[EventDate "2023.??.??"]

1. d4 d5 2. c4 c6 3. Nf3 Nf6 4. Nbd2 Bf5 5. Nh4 Be4 6. e3 h6 7. Nxe4 dxe4 8. Bd2 e6 9. g3 Be7 10. Be2 O-O 11. O-O c5 12. dxc5 a5 13. Bc3 Qc7 14. Ng2 Nbd7 15. Nf4 Nxc5 16. Qc2 Ncd7 17. Rfd1 Rfc8 18. Rac1 Ne5 19. b3 Ba3 20. Rb1 Ned7 21. Bxf6 Nxf6 22. Nh5 Nxh5 23. Bxh5 Qe5 24. Be2 Rd8 25. Rxd8+ Rxd8 26. Rd1 Rxd1+ 27. Bxd1 1/2-1/2

[Event "BL 2324 SC Remagen Sinzig - OSG Baden-Ba"]
[Site "?"]
[Date "2023.12.02"]
[Round "3.5"]
[White "Bacrot, Etienne"]
[Black "Jaracz, Pawel"]
[Result "1-0"]
[WhiteElo "2683"]
[BlackElo "2473"]
[PlyCount "87"]
[EventDate "2023.??.??"]

1. e4 c5 2. Nf3 d6 3. d4 cxd4 4. Nxd4 Nf6 5. Nc3 a6 6. Be3 e5 7. Nb3 Be6 8. f3 h5 9. Nd5 Bxd5 10. exd5 Nbd7 11. Qd2 Qc7 12. O-O-O g6 13. Kb1 Bg7 14. Be2 O-O 15. g4 hxg4 16. fxg4 Nb6 17. Qa5 Rac8 18. c3 Nc4 19. Qxc7 Rxc7 20. Bxc4 Rxc4 21. g5 Ng4 22. Bb6 Rf4 23. Rd2 e4 24. Re2 Re8 25. Na5 f5 26. gxf6 Nxf6 27. c4 Re7 28. Rg1 Ng4 29. Rge1 Ref7 30. Rxe4 Rxe4 31. Rxe4 Ne5 32. Kc2 g5 33. b4 g4 34. Be3 Kh7 35. c5 Kg6 36. Nc4 Rf3 37. Nxd6 Rh3 38. Bf4 Nf3 39. Kd1 Rh5 40. Kc1 Rxd5 41. Nxb7 Kf5 42. Nd6+ Rxd6 43. Bxd6 Kxe4 44. c6 1-0

[Event "BL 2324 SC Remagen Sinzig - OSG Baden-Ba"]
[Site "?"]
[Date "2023.12.02"]
[Round "3.6"]
[White "Vandenbussche, Thibaut"]
[Black "Naiditsch, Arkadij"]
[Result "0-1"]
[WhiteElo "2427"]
[BlackElo "2653"]
[PlyCount "60"]
[EventDate "2023.??.??"]

1. e4 c5 2. Nf3 e6 3. c3 Nf6 4. Bd3 Nc6 5. Bc2 Qc7 6. O-O d5 7. exd5 Nxd5 8. Re1 Be7 9. d4 cxd4 10. Nxd4 Nxd4 11. Qxd4 O-O 12. Nd2 Rd8 13. Qg4 Nxc3 14. bxc3 Qxc3 15. Qe4 f5 16. Qc4 Qxa1 17. Bxf5 Rd5 18. Bb1 Qd4 19. Qc2 g6 20. Ne4 Bd7 21. Bb2 Ba4 22. Qe2 Bd1 23. Bxd4 Bxe2 24. Bf6 Rad8 25. Bc2 Kf7 26. f3 Bd1 27. Bxe7 Kxe7 28. Bb1 Rc8 29. a3 Bc2 30. Ba2 Bxe4 0-1

[Event "BL 2324 SC Remagen Sinzig - OSG Baden-Ba"]
[Site "?"]
[Date "2023.12.02"]
[Round "3.7"]
[White "Movsesian, Sergei"]
[Black "Geirnaert, Steven"]
[Result "1-0"]
[WhiteElo "2607"]
[BlackElo "2433"]
[PlyCount "132"]
[EventDate "2023.??.??"]

1. Nf3 Nf6 2. g3 d5 3. Bg2 e6 4. O-O c5 5. d3 Nc6 6. Nbd2 Be7 7. e4 Qc7 8. Re1 O-O 9. c3 dxe4 10. dxe4 Nd7 11. Qe2 b6 12. e5 Bb7 13. Nf1 Rfd8 14. h4 h6 15. Bf4 Nf8 16. h5 Nh7 17. Ne3 Bf8 18. Nc4 Ne7 19. Nd6 Bc6 20. g4 Rd7 21. Bg3 Nc8 22. Ne4 b5 23. Rad1 Rxd1 24. Rxd1 Nb6 25. Ne1 a6 26. Kh2 Bd5 27. Nc2 Rd8 28. Ne3 Ba8 29. f4 Rxd1 30. Nxd1 Bd5 31. Ne3 Bc6 32. c4 Be7 33. b3 Qb7 34. Qc2 bxc4 35. bxc4 Qd7 36. Bf2 Nf8 37. Nf1 Qc7 38. Nfd2 Nfd7 39. Bg3 Qb7 40. g5 hxg5 41. fxg5 Nf8 42. Bf4 Nh7 43. Qd3 Nd7 44. Qg3 Nhf8 45. Nf6+ Kh8 46. h6 g6 47. Bxc6 Qxc6 48. Qg2 Qc8 49. Nde4 Qb8 50. Qd2 Bxf6 51. exf6 Qb7 52. Nd6 Qf3 53. Nxf7+ Kg8 54. Ne5 Nxe5 55. Bxe5 Qe4 56. Qf4 Qe2+ 57. Kh3 Kf7 58. Bc3 e5 59. Qxe5 Qf1+ 60. Kg3 Ne6 61. Qe3 Qh1 62. Bd2 Qh5 63. Qe4 Qd1 64. h7 Qxd2 65. Qb7+ Nc7 66. Qxc7+ Ke6 1-0

[Event "BL 2324 SC Remagen Sinzig - OSG Baden-Ba"]
[Site "?"]
[Date "2023.12.02"]
[Round "3.8"]
[White "Mainka, Romuald"]
[Black "Hagner, Bennet"]
[Result "1-0"]
[WhiteElo "2364"]
[BlackElo "2348"]
[PlyCount "83"]
[EventDate "2023.??.??"]

1. e4 e5 2. Nf3 Nc6 3. Bc4 Bc5 4. d3 Nf6 5. O-O d6 6. c3 a5 7. h3 O-O 8. Re1 h6 9. Bb3 Bd7 10. Nbd2 Qb8 11. Nf1 a4 12. Bc2 b5 13. Be3 Bb6 14. Bxb6 Qxb6 15. Ne3 Rfe8 16. Nh2 Ne7 17. Nhg4 Nxg4 18. hxg4 g6 19. g3 Kg7 20. Qd2 Ng8 21. Kg2 Nf6 22. Rh1 Rh8 23. Bd1 Qb7 24. Bf3 Bc6 25. Rh4 d5 26. g5 Ng8 27. exd5 Bd7 28. Rah1 h5 29. d4 e4 30. Rxe4 Qa6 31. Re5 Rf8 32. Rh4 Qd6 33. c4 bxc4 34. Nxc4 Qa6 35. Qc3 f6 36. gxf6+ Qxf6 37. Rf4 Qd8 38. Rxf8 Qxf8 39. Re1 h4 40. Ne5 Qc8 41. Rc1 hxg3 42. Qxc7 1-0

[Event "BL 2324 SC Heimbach-Weis-Neuwied - SC Ö"]
[Site "?"]
[Date "2023.12.02"]
[Round "3.1"]
[White "Motylev, Alexander"]
[Black "Livaic, Leon"]
[Result "1/2-1/2"]
[WhiteElo "2619"]
[BlackElo "2543"]
[PlyCount "88"]
[EventDate "2023.??.??"]

1. e4 e6 2. d4 d5 3. e5 c5 4. c3 Nc6 5. Nf3 Qb6 6. a3 c4 7. Nbd2 Na5 8. Rb1 Bd7 9. h4 O-O-O 10. b4 cxb3 11. Nxb3 Ba4 12. Nfd2 Kb8 13. Qc2 Qc7 14. Qb2 Nxb3 15. Nxb3 Ka8 16. Be2 b6 17. O-O Ne7 18. Bd2 Nc6 19. Rfc1 f6 20. Bg4 fxe5 21. Bxe6 e4 22. Be3 Bxb3 23. Qxb3 Qd6 24. Bg4 Na5 25. Qd1 Nc4 26. Qe1 Qg6 27. Bh3 Bxa3 28. Rc2 Rhf8 29. Bg5 e3 30. Re2 Rxf2 31. Rxe3 Nxe3 32. Kxf2 Rf8+ 33. Kxe3 Re8+ 34. Kd2 Rxe1 35. Rxe1 h6 36. Bf4 Bd6 37. Be5 Kb7 38. Re3 h5 39. Rg3 Qh6+ 40. Kc2 Kc6 41. Bf5 Bxe5 42. Rg6+ Qxg6 43. Bxg6 Bg3 44. Bxh5 Bxh4 1/2-1/2

[Event "BL 2324 SC Heimbach-Weis-Neuwied - SC Ö"]
[Site "?"]
[Date "2023.12.02"]
[Round "3.2"]
[White "Kraemer, Martin"]
[Black "Lagarde, Maxime"]
[Result "1/2-1/2"]
[WhiteElo "2573"]
[BlackElo "2640"]
[PlyCount "108"]
[EventDate "2023.??.??"]

1. d4 Nf6 2. c4 e6 3. Nf3 b6 4. g3 Ba6 5. b3 Bb4+ 6. Bd2 Be7 7. Bg2 d5 8. cxd5 exd5 9. O-O O-O 10. Nc3 Nbd7 11. Ne5 Bb7 12. Qc2 Re8 13. Rad1 Nf8 14. Bg5 c6 15. e3 N6d7 16. Bxe7 Qxe7 17. Nd3 Nf6 18. Rfe1 Qd6 19. b4 Ne4 20. Nxe4 dxe4 21. Ne5 f6 22. Qb3+ Qd5 23. Nc4 Ne6 24. Bxe4 Qxe4 25. Nd6 Qd5 26. Qxd5 cxd5 27. Nxb7 Ng5 28. Re2 Ne4 29. Rc2 Re7 30. f3 Ng5 31. Nd6 Nxf3+ 32. Kg2 Rxe3 33. Rc7 Ng5 34. Rxg7+ Kh8 35. h4 Ne4 36. Rd7 Rxg3+ 37. Kh2 Rg7 38. Nf7+ Kg8 39. Rg1 Kf8 40. Rxg7 Kxg7 41. Ne5+ Kh6 42. Ng4+ Kg6 43. Rxd5 h5 44. Ne3 Rc8 45. a4 Rc3 46. Ng2 Rc2 47. Kg1 Rc1+ 48. Kh2 Rf1 49. a5 f5 50. axb6 axb6 51. Re5 Nf6 52. Kg3 Ne4+ 53. Kh2 Nf6 54. Kg3 Ne4+ 1/2-1/2

[Event "BL 2324 SC Heimbach-Weis-Neuwied - SC Ö"]
[Site "?"]
[Date "2023.12.02"]
[Round "3.3"]
[White "Bauer, Christian"]
[Black "Neugebauer, Martin"]
[Result "1/2-1/2"]
[WhiteElo "2558"]
[BlackElo "2537"]
[PlyCount "101"]
[EventDate "2023.??.??"]

1. e4 c5 2. Na3 Nc6 3. Bb5 Nd4 4. Ba4 Nf6 5. c3 Nc6 6. d3 g6 7. f4 Bg7 8. Nf3 O-O 9. O-O d6 10. Qe1 Bd7 11. Qh4 Na5 12. Bd1 b5 13. Bd2 Rb8 14. b4 cxb4 15. cxb4 Nc6 16. Nc2 e6 17. Rc1 Rc8 18. Kh1 Nh5 19. g4 Qxh4 20. Nxh4 Nf6 21. Be2 Rfd8 22. h3 Rc7 23. Na1 Rdc8 24. Nb3 Be8 25. Nf3 Nd7 26. d4 a6 27. e5 dxe5 28. dxe5 Bf8 29. a3 Nb6 30. Ng5 Nb8 31. Kg1 Nc4 32. Ne4 Be7 33. Bxc4 Rxc4 34. Nbc5 Bxc5+ 35. Nxc5 Rxc1 36. Rxc1 Bc6 37. Ne4 Bb7 38. Rxc8+ Bxc8 39. Kf2 Bb7 40. Nf6+ Kg7 41. Be3 Bc6 42. Bc5 Nd7 43. Ne8+ Kg8 44. Bd6 Nb6 45. Nf6+ Kg7 46. h4 Nd5 47. Nxd5 Bxd5 48. Ke3 h5 49. g5 Bb3 50. Kd4 Ba4 51. Kc5 1/2-1/2

[Event "BL 2324 SC Heimbach-Weis-Neuwied - SC Ö"]
[Site "?"]
[Date "2023.12.02"]
[Round "3.4"]
[White "Krejci, Jan"]
[Black "Cornette, Matthieu"]
[Result "1-0"]
[WhiteElo "2523"]
[BlackElo "2588"]
[PlyCount "55"]
[EventDate "2023.??.??"]

1. Nf3 d5 2. d4 Nf6 3. c4 e6 4. Nc3 Nbd7 5. Bg5 Bb4 6. e3 c5 7. cxd5 exd5 8. Bd3 Qa5 9. Qc2 c4 10. Bf5 O-O 11. Nd2 Re8 12. O-O Qa6 13. a4 Qc6 14. Rfc1 Nf8 15. Bxc8 Raxc8 16. Bxf6 Bxc3 17. Qxc3 Qxf6 18. b3 Re6 19. bxc4 dxc4 20. d5 Re5 21. Qd4 Rd8 22. e4 Ne6 23. Qxc4 Nf4 24. Ra3 h5 25. Rf3 Qg5 26. Rg3 Qh6 27. h4 Nxd5 28. Rd3 1-0

[Event "BL 2324 SC Heimbach-Weis-Neuwied - SC Ö"]
[Site "?"]
[Date "2023.12.02"]
[Round "3.5"]
[White "Van den Doel, Erik"]
[Black "Polak, Tomas"]
[Result "1/2-1/2"]
[WhiteElo "2553"]
[BlackElo "2517"]
[PlyCount "45"]
[EventDate "2023.??.??"]

1. d4 Nf6 2. Nf3 b6 3. Bg5 Bb7 4. Nbd2 e6 5. e4 h6 6. Bxf6 Qxf6 7. Bd3 c5 8. c3 cxd4 9. cxd4 Nc6 10. e5 Qd8 11. O-O Nb4 12. Be4 Nd5 13. g3 Be7 14. Qe2 O-O 15. a3 Rc8 16. Rfe1 Rc7 17. Rad1 Qa8 18. Bb1 a5 19. h4 Qa6 20. Bd3 Qa8 21. Bb1 Qa6 22. Bd3 Qa8 23. Bb1 1/2-1/2

[Event "BL 2324 SC Heimbach-Weis-Neuwied - SC Ö"]
[Site "?"]
[Date "2023.12.02"]
[Round "3.6"]
[White "Ferreira, Jorge Viterbo"]
[Black "Laurent-Paoli, Pierre"]
[Result "1/2-1/2"]
[WhiteElo "2523"]
[BlackElo "2524"]
[PlyCount "60"]
[EventDate "2023.??.??"]

1. c4 e6 2. Nf3 d5 3. g3 Nc6 4. Bg2 d4 5. O-O Be7 6. d3 Nf6 7. e3 dxe3 8. Bxe3 e5 9. h3 O-O 10. Nc3 h6 11. d4 exd4 12. Nxd4 Nxd4 13. Qxd4 c6 14. Qxd8 Rxd8 15. Rfd1 Be6 16. b3 a5 17. Na4 Rxd1+ 18. Rxd1 Nd7 19. f4 g5 20. Kf2 Re8 21. g4 gxf4 22. Bxf4 Nc5 23. Nxc5 Bxc5+ 24. Kg3 Kg7 25. Bc7 Bb4 26. Rd8 Rxd8 27. Bxd8 Bd6+ 28. Kf2 a4 29. Be4 axb3 30. axb3 b5 1/2-1/2

[Event "BL 2324 SC Heimbach-Weis-Neuwied - SC Ö"]
[Site "?"]
[Date "2023.12.02"]
[Round "3.7"]
[White "Riehle, Marco"]
[Black "Winterberg, Lukas"]
[Result "0-1"]
[WhiteElo "2368"]
[BlackElo "2410"]
[PlyCount "62"]
[EventDate "2023.??.??"]

1. e4 e6 2. d4 d5 3. exd5 exd5 4. Nf3 Nf6 5. Bd3 c5 6. O-O c4 7. Re1+ Be7 8. Bf1 O-O 9. b3 cxb3 10. axb3 Nc6 11. Ne5 Nxe5 12. dxe5 Ne4 13. Ba3 Qb6 14. Qf3 Bg4 15. Qe3 Qxe3 16. Rxe3 Bh4 17. g3 Bg5 18. Re1 Rfc8 19. Bg2 Rxc2 20. h4 Bd8 21. Bxe4 dxe4 22. Rxe4 Be6 23. Rd4 Bb6 24. Rd2 Rac8 25. Ra2 Rxa2 26. Rxa2 Bxb3 27. Re2 Bc2 28. Re1 Bxb1 29. Rxb1 Rc3 30. Bc1 Rxg3+ 31. Kf1 Rh3 0-1

[Event "BL 2324 SC Heimbach-Weis-Neuwied - SC Ö"]
[Site "?"]
[Date "2023.12.02"]
[Round "3.8"]
[White "Tica, Sven"]
[Black "Lai, Hing Ting"]
[Result "0-1"]
[WhiteElo "2448"]
[BlackElo "2473"]
[PlyCount "84"]
[EventDate "2023.??.??"]

1. d4 Nf6 2. c4 e6 3. g3 d5 4. Bg2 Bb4+ 5. Bd2 Be7 6. Nf3 O-O 7. O-O c6 8. Qc2 Nbd7 9. Bf4 b6 10. Nbd2 Nh5 11. Be5 Bb7 12. cxd5 exd5 13. e4 Rc8 14. exd5 cxd5 15. Qf5 g6 16. Qh3 Nxe5 17. Nxe5 Rc2 18. Ndf3 Bc8 19. g4 Nf4 20. Qh6 Nxg2 21. Kxg2 Bf6 22. b3 Bg7 23. Qf4 f6 24. Nd3 g5 25. Qg3 Rc3 26. Rfd1 Ba6 27. Nde1 Qd7 28. Rac1 Rfc8 29. Rxc3 Rxc3 30. Kg1 Be2 31. Rd2 Qe6 32. h4 h6 33. hxg5 hxg5 34. Kh2 Bf8 35. Nxg5 fxg5 36. Qxc3 Bd6+ 37. f4 Qxg4 38. Kh1 Bxf4 39. Rxe2 Qxe2 40. Qc8+ Kf7 41. Qf5+ Kg7 42. Qd7+ Kg6 0-1

[Event "BL 2324 Schachfreunde Deizisau - SK Dopp"]
[Site "?"]
[Date "2023.12.02"]
[Round "3.1"]
[White "Cheparinov, Ivan"]
[Black "Bluebaum, Matthias"]
[Result "1-0"]
[WhiteElo "2663"]
[BlackElo "2670"]
[PlyCount "73"]
[EventDate "2023.??.??"]

1. e4 e6 2. d4 d5 3. Nc3 Nf6 4. e5 Nfd7 5. f4 c5 6. Nf3 Nc6 7. Be3 Be7 8. Qd2 a6 9. Bd3 O-O 10. dxc5 Nxc5 11. Bxc5 Bxc5 12. Bxh7+ Kxh7 13. Ng5+ Kg8 14. Qd3 Re8 15. Qh7+ Kf8 16. Qh5 Qc7 17. O-O-O Be3+ 18. Kb1 Bxf4 19. Qh8+ Ke7 20. Qxg7 Bxe5 21. Nxd5+ exd5 22. Qxf7+ Kd8 23. Rxd5+ Bd7 24. Ne6+ Rxe6 25. Qxe6 Nb4 26. Rxd7+ Qxd7 27. Qxe5 Nc6 28. Qg3 Qd5 29. Rf1 Kd7 30. Qg7+ Ne7 31. Re1 Qc5 32. Qg4+ Kd8 33. b4 Qf2 34. Qe6 Nc8 35. Qe5 Nb6 36. Rd1+ Kc8 37. Qd6 1-0

[Event "BL 2324 Schachfreunde Deizisau - SK Dopp"]
[Site "?"]
[Date "2023.12.02"]
[Round "3.2"]
[White "Kollars, Dmitrij"]
[Black "Teclaf, Pawel"]
[Result "1/2-1/2"]
[WhiteElo "2633"]
[BlackElo "2568"]
[PlyCount "59"]
[EventDate "2023.??.??"]

1. e4 e5 2. Nf3 Nf6 3. Nxe5 d6 4. Nf3 Nxe4 5. d4 d5 6. Bd3 Bf5 7. O-O Be7 8. Re1 O-O 9. Nbd2 Nd6 10. Nf1 Bxd3 11. Qxd3 c6 12. Bf4 Na6 13. Ne3 Nc7 14. h4 Ne6 15. Bxd6 Bxd6 16. g3 Re8 17. Re2 Qf6 18. Ng4 Qg6 19. Qxg6 hxg6 20. Rae1 Re7 21. Ng5 Nxg5 22. Rxe7 Nf3+ 23. Kg2 Nxe1+ 24. Rxe1 f6 25. f4 Kf7 26. Kf3 Rd8 27. a4 Rc8 28. Ne3 Re8 29. Rb1 g5 30. hxg5 1/2-1/2

[Event "BL 2324 Schachfreunde Deizisau - SK Dopp"]
[Site "?"]
[Date "2023.12.02"]
[Round "3.3"]
[White "Gumularz, Szymon"]
[Black "Kamsky, Gata"]
[Result "1-0"]
[WhiteElo "2576"]
[BlackElo "2634"]
[PlyCount "199"]
[EventDate "2023.??.??"]

1. e4 e5 2. Nf3 Nc6 3. Bb5 a6 4. Ba4 Nf6 5. O-O Be7 6. Re1 b5 7. Bb3 d6 8. c3 O-O 9. h3 Na5 10. Bc2 c5 11. d4 Qc7 12. d5 Bd7 13. b3 g6 14. Bh6 Rfc8 15. Nbd2 Nh5 16. Nf1 Bf8 17. Be3 Bg7 18. Ng3 Nf4 19. Qd2 Nb7 20. Bxf4 exf4 21. Qxf4 Re8 22. Re3 Re7 23. Rae1 Rae8 24. c4 Nd8 25. R3e2 f6 26. Qd2 Nf7 27. cxb5 axb5 28. a4 bxa4 29. bxa4 Ra8 30. Ra1 f5 31. Ra3 Bh6 32. Qd1 f4 33. Nf1 c4 34. e5 dxe5 35. N1d2 Bg7 36. Ne4 Ree8 37. Nfd2 Reb8 38. Rc3 Rb4 39. d6 Qc6 40. Nxc4 Rxc4 41. Rxc4 Qxc4 42. Bb3 Bxa4 43. Bxc4 Bxd1 44. Rd2 Ba4 45. Ng5 Bf6 46. Nxf7 Kf8 47. Ra2 Ke8 48. Be6 Ra7 49. d7+ Bxd7 50. Rxa7 Bxe6 51. Nd6+ Kf8 52. Ne4 Be7 53. Ra5 Kf7 54. Rxe5 h6 55. Ra5 Bf5 56. Nc3 Bf6 57. Nd5 Be5 58. Ra6 g5 59. Ra7+ Ke6 60. Nc7+ Ke7 61. Nb5+ Bd7 62. Na3 Bd4 63. Ra6 h5 64. Ra5 g4 65. Rd5 Ba7 66. Kf1 gxh3 67. Rxh5 hxg2+ 68. Kxg2 Bc6+ 69. f3 Bd4 70. Nc2 Bg7 71. Nb4 Be8 72. Rh4 Be5 73. Nd3 Bd6 74. Nxf4 Bf7 75. Ne2 Kf6 76. Nc3 Be5 77. Ne4+ Kf5 78. Rg4 Bd5 79. Ng3+ Kf6 80. Kf2 Bc7 81. Ne4+ Kf5 82. Rg5+ Ke6 83. Ke3 Bb6+ 84. Kd3 Bd8 85. Rh5 Be7 86. f4 Bc6 87. Kd4 Ba3 88. f5+ Kf7 89. Rh7+ Kf8 90. Rc7 Bb2+ 91. Ke3 Bd5 92. Kf4 Ke8 93. Rc2 Ba1 94. Rc1 Bg7 95. f6 Bh6+ 96. Ng5 Bxg5+ 97. Kxg5 Kf7 98. Kf5 Bb3 99. Rc7+ Kf8 100. Kg6 1-0